Taylor Swift - Forever Winter Lyrics - Statistics

General Stats
  • This quiz has been taken 191 times
  • The average score is 278 of 351
Answer Stats
Answer % Correct
for
100%
forever
99%
Forever
99%
I
99%
When
99%
winter
97%
you
97%
You
97%
go
96%
it
96%
a
95%
If
94%
if
94%
be
92%
the
92%
to
91%
know
90%
didn't
89%
I'll
89%
in
89%
in"
89%
Too
87%
down
86%
gets
86%
I'd
86%
young
86%
your
86%
better
85%
on
85%
summer
85%
was
85%
were
85%
and
84%
breaking
84%
He
82%
he
82%
I'm
82%
love
82%
say
82%
sun
82%
floor
81%
pieces
81%
fall
80%
"It's
78%
it's
78%
just
78%
says
78%
this
78%
time
78%
3
77%
All
77%
AM
77%
around
77%
weren't
77%
My
76%
my
76%
5
75%
call
75%
doesn't
73%
not
73%
of
73%
that
73%
away?"
72%
away"
72%
believe
72%
"Believe
72%
days
72%
these
72%
at
71%
At
71%
don't
71%
his
71%
His
71%
out
71%
so
71%
up
71%
can
70%
pacing
70%
comes
68%
hears
68%
He's
68%
phase
68%
Please
68%
screaming
68%
"Why
68%
anything
67%
apartment
67%
begging
67%
by
67%
checking
67%
him
67%
most
67%
take
67%
watch
67%
bomb
66%
head
66%
pull
66%
there
66%
voice
66%
wasted
66%
disarm
65%
spends
65%
even
63%
gravity
62%
how
62%
is
62%
standing
62%
darkest
59%
much
59%
nights
59%
pulled
59%
getting
56%
used
56%
wishing
56%
one
54%
won't
54%
thing
53%
life
51%
lights
51%
every
48%
hard
48%
he'll
48%
never
48%
instead
47%
leave
47%
trying
47%
breathe
46%
decide
46%
listening
46%
puzzles
46%
scared
46%
thread
46%
death
44%
laugh
44%
solve
44%
symphony
44%
fine
43%
gone
43%
minds
43%
smiles
43%
seems
42%
Forcing
39%
Long
39%
flights
38%
Live
38%
No matching quizzes found
Score Distribution
Percent of People with Each Score
Percentile by Number Answered
Your Score History
You have not taken this quiz